| Tag |
First Indicator |
Second Indicator |
Subfields |
| LEADER |
00000cam a22000007a 4500 |
| 001 |
in00000005355 |
| 005 |
20150929082256.0 |
| 008 |
990902s1999 xxu f000 0 eng d |
| 035 |
|
|
|a (OCoLC)
|
| 035 |
|
|
|a tmp97156677
|
| 035 |
|
|
|9 AJK2823AM
|
| 040 |
|
|
|a MvI
|c MvI
|d UtOrBLW
|
| 049 |
|
|
|a MAPS
|
| 074 |
|
|
|a 0378-E-05
|
| 086 |
0 |
|
|a D 5.354:TPC K-9 C/989
|
| 245 |
0 |
0 |
|a Burma, Cambodia, Thailand, Scale 1:500,000, TPC K-9C, May 23, 1989.
|
| 264 |
|
1 |
|a [Place of publication not identified] :
|b [publisher not identified],
|c [1999?]
|
| 336 |
|
|
|a text
|b txt
|2 rdacontent
|
| 337 |
|
|
|a unmediated
|b n
|2 rdamedia
|
| 338 |
|
|
|a volume
|b nc
|2 rdacarrier
|
| 500 |
|
|
|a Shipping List #: 99-2012-S
|
| 500 |
|
|
|a Shipping List Date: 08/12/99
|
| 710 |
1 |
|
|a United States.
|b National Imagery and Mapping Agency.
|
| 999 |
|
|
|a MARS
|
| 999 |
f |
f |
|s 1ad2c98b-2a5e-39f2-8a9b-4172496d9b02
|i c4eb7e4b-861c-32b0-aa7b-1ea58c4d4ff9
|t 0
|
| 952 |
f |
f |
|p normal
|a Texas A&M University
|b College Station
|c Sterling C. Evans Library
|d Evans: Maps (2nd floor)
|t 0
|e D 5.354:TPC K-9 C/989
|h Superintendent of Documents classification
|i unmediated -- volume
|
| 998 |
f |
f |
|a D 5.354:TPC K-9 C/989
|t 0
|l Evans: Maps (2nd floor)
|